000 00612nam a22002177a 4500
003 dpl
005 20180914124049.0
008 180914b xxu||||| |||| 00| 0 eng d
010 _aB-031057
020 _a8174451307
_c0.00
035 _aB-031057
040 _aDPL
_bEN
_c0
082 _a332
_bGUP
100 _aGupta, V.K
245 _aMarketing of financial services /
_cby V.K Gupta
260 _aNew Delhi
_bMohit Publications
_c2000
270 _a4675/21 Ansri road, daryaganj
_bNew Delhi
_e110002
300 _a259p.:
_c22cm
500 _aInclude Index
942 _2ddc
_cEN
_h332
_mGUP
999 _c157481
_d157481